000 01318nam0a22003011 4500
001 rc\4289855
005 20250612040502.0
021 _aRU
_b[66-16577]
035 _a(NLR Aleph) 008495466
090 _a8075819
_c8075819
100 _a20130416d1965 |||y0rusy50 ca
101 0 _arus
102 _aRU
105 _ay z |||||
200 1 _aРасширение технологических возможностей шлифовальных станков
_fГос. ком. Совета Министров РСФСР по координации науч.-исслед. работ. Гос. науч.-исслед. ин-т науч. и техн. информации
210 _aМосква
_cБ. и.
_d1965
215 _a10 с.
_d22
225 1 _aПередовой научно-технический и производственный опыт
_v№ 21-65-2118/255
300 _aНа обл. авт. не указаны
333 _aИзд. подписное
606 _aШлифовальные станки
_xМодернизация
_2psbo
700 1 _aБреев
_bБ.Т.
_gБорис Тимофеевич
701 1 _aРозенблюм
_bС.Г.
_gСамуил Гецелевич
801 0 _aRU
_bNLR
_gpsbo
801 1 _aRU
_bELAR
_2rusmarc
852 _aNLR
_jП11/2295
942 _cBOOK
980 _aNB